| 000 | 00861nam a2200265 u 4500 | ||
|---|---|---|---|
| 005 | 20260324064022.0 | ||
| 008 | 091208s19972006 r 000 0 eng d | ||
| 020 | _a8485840178 (10 dígitos) | ||
| 020 | _a9788485840175 (13 dígitos) | ||
| 035 | _aUPN01000174196 | ||
| 049 | _aCG | ||
| 050 | 4 |
_aLB1026 _bE8.3 1997 |
|
| 100 | 1 | _aEscaño, José | |
| 245 | 1 | 0 |
_aCómo se aprende y cómo se enseña / _cJosé Escaño y María Gil de la Serna. |
| 250 | _a3a ed. | ||
| 260 |
_aBarcelona, Esp. : _bICE : _bHorsori, _c1997, (2006 impr.) |
||
| 300 |
_a163 p. : _bil. |
||
| 440 | 0 |
_aCuadernos de educación ; _v9 |
|
| 650 | 4 |
_aInnovaciones educativas _9386 |
|
| 650 | 4 |
_aReforma educativa _91530 |
|
| 650 | 4 |
_aProceso enseñanza-aprendizaje _942 |
|
| 650 | 2 |
_aConstructivismo (Educación) _91516 |
|
| 700 | 1 |
_aGil de la Serna, María, _ecoaut. |
|
| 905 | _aLibro | ||
| 999 |
_c146300 _d146300 |
||